00489nam a22001697a 450000500170000001000150001702000260003203500130005803700130007108200150008410000190009924500570011826000320017527000410020730000210024850000500026920160111124624.0 aENG-114388 a9789380615127c550.00 aEN-97920 bDBAD/PUB a363.230954 aBhuimali, Anil aLaw enforcement and human rights /cby Anil Bhuimali aGurgaonbMadhav Booksc2013 aF-2562, Palam ViharbGurgaone122017 ax,143pc23cm(Hb) aIncludes bibliographical references and index